000 01028nam0a2200337 i 4500
001 RU\NLR\BIBL_A\011146770
005 20260405061710.0
010 _a9785444433492
_92000
021 _aRU
_b2016-42111
_92699
035 _a(NILC)RuMoRGB-008493365
035 _a(NLR Aleph) 011146770
090 _a11648992
_c11648992
100 _a20160606d2016 km y0rusy50 ca
101 0 _arus
102 _aRU
105 _ay|||z|||000ay
200 1 _aМясной Бор
_e[роман]
_fСтанислав Гагарин
210 _aМосква
_cВече
_d2016
215 _a653, [2] с.
_d22
225 1 _aВоенная эпопея
333 _a12+
675 _a821.161.1
686 2 _aШ6(2=Р)75-446
700 1 _8rus
_7ca
_aГагарин
_bС.С.
_f1935-1993
_gСтанислав Семенович
_3RU\NLR\AUTH\7720670
_93737
801 0 _aRU
_bРГБ
_c20160520
_gRCR
801 2 _aRU
_bРГБ
_c20160525
_grcr
942 _cBOOK
980 _aNBR